Taylor Swift - Paroles Bad Blood (feat. Kendrick Lamar) - Statistiques

Statistiques générales
  • Ce quiz a été pris 36 fois
  • Le résultat moyen est 353 sur 500
Statistiques - réponses
Hint Réponse % Correct
bad
100%
(Bad
100%
blood
100%
blood,
100%
blood)
100%
ya
100%
You
100%
you
100%
you,
100%
Intro | Refrain 'Cause,
96%
‘Cause,
96%
go
96%
| Couplet 1Kendrick Lamar I
96%
no
96%
No,
96%
We
96%
we
96%
a
92%
baby,
92%
got
92%
love
92%
mm
92%
So
92%
so
92%
be
88%
done
88%
done,
88%
mad
88%
now
88%
Now
88%
take
88%
Take
88%
to
88%
it
83%
It
83%
know
83%
look
83%
(Look
83%
and
79%
And
79%
And,
79%
don't
79%
Don't
79%
what
79%
Pré-refrain Oh,
75%
that?
75%
that?)
75%
that
75%
that,
75%
the
75%
(Uh)
75%
(Uh),
75%
(Uh,
75%
uh)
75%
(Uh-huh)
75%
use
75%
you've
75%
can
71%
used
71%
sad
67%
Think
67%
think
67%
(Think
67%
time
67%
we've
67%
but
63%
for
63%
If
63%
live
63%
about
58%
'em
58%
'em,
58%
good
58%
just
58%
like
58%
problems
58%
show
58%
solve
58%
when
58%
where
58%
with
58%
deep
54%
hey!
54%
(Hey!)
54%
(Hey)
54%
hey)
54%
I'm
54%
it's
54%
made
54%
My
54%
my
54%
my)
54%
really
54%
say
54%
sorry
54%
at
50%
hate
50%
let
50%
me,
50%
me
50%
never
50%
runs
50%
times
50%
bullet
46%
can't
46%
forget,
46%
ghosts
46%
ghosts,
46%
holes
46%
remember
46%
(Remember
46%
Couplet 2 Kendrick Lamar Remember
46%
remember?
46%
Aids
42%
back,
42%
back;
42%
Bridge Band
42%
Better
42%
cut
42%
fix
42%
forgive,
42%
gotta
42%
was
42%
cold
38%
money
38%
need
38%
of
38%
in
33%
more
33%
more,
33%
overrate
33%
tried
33%
ah!
29%
ID
29%
(ID
29%
I'd
29%
off?
29%
respect
29%
Still,
29%
critique,
25%
fear
25%
hear
25%
POV
25%
procedure,
25%
quite
25%
replace
25%
(Yeah)
25%
amnesia
21%
beats
21%
D.O.C.,
21%
facts
21%
fire
21%
Follow
21%
life,
21%
OD,
21%
thought
21%
TLC
21%
would
21%
ain't
17%
body
17%
dark
17%
heart,
17%
loss?
17%
OG
17%
power
17%
These
17%
yet,
17%
basslines
13%
battle
13%
erase
13%
Iraq
13%
jumping
13%
scars,
13%
season
13%
similar
13%
sincere
13%
Stabbed
13%
wait,
13%
wounds,
13%
write
13%
brimstone,
8%
bruised
8%
bumped,
8%
through
8%
Aucun quiz correspondant
Distribution des résultats
% des personnes avec chaque résultat
Percentile par nombre de réponses
Votre historique - résultats
Vous n’avez pas pris ce quiz